Domus Aurea: diálogos en la casa de Virgilio

保存先:
書誌詳細
第一著者: Fernández Alba, Antonio (著者)
フォーマット: 図書
言語:スペイン語
出版事項: Madrid Biblioteca Nueva 1998
シリーズ:Colección Metrópoli, Los espacios de la arquitectura
主題:
タグ: タグ追加
タグなし, このレコードへの初めてのタグを付けませんか!

MARC

LEADER 00000nam a2200000 a 4500
001 UCQ9681
003 CL-VaPUC
008 990112e19980000SP |||||||||||||||||spa|d
082 0 4 |a 720  |b FER  |2 21 
100 0 |a Fernández Alba, Antonio  |e author  |9 424393 
245 1 0 |a Domus Aurea: diálogos en la casa de Virgilio 
300 |a 73 p 
942 |c BK 
945 |d 19990112 00:00:00  |a aarredon 
260 |a Madrid  |b Biblioteca Nueva  |c 1998 
650 0 |a Arquitectura  |9 804558 
583 |a last modification  |c 19990112 00:00:00  |k Rodrigo Vera 
490 0 |a Colección Metrópoli, Los espacios de la arquitectura 
999 |c 278668  |d 278666 
952 |0 0  |1 0  |4 0  |6 720_000000000000000_FER_1998  |7 0  |8 A  |9 317378  |a BIBARQ  |b BIBARQ  |d 2019-11-20  |i 3483886  |o 720 FER 1998  |p 3483886  |r 2025-01-20  |w 2019-11-20  |y BK  |k ARQ